000 00648nam a22002297a 4500
003 UA-OsUOA
001 89567
007 ta
008 20121107b un ||||| |||| 00| 0 ukr d
100 _aЗахарченко В.
090 _a821.161.2
_bЗ-38
942 _cBK
040 _aUA-OsUOA
_bukr
_cUA-OsUOA
_dUA-OsUOA
245 _aЛозові кошики
_bромани, оповідання
300 _a367 с.
955 _a3
041 _aukr
080 _a821.161.2
260 _aК.
_bРадянський письменник
_c1986
650 7 _a82 Література. Літературознавство
_2UDC
999 _c375863
_d375863